| 000 | 00797nam a2200253Ia 4500 | ||
|---|---|---|---|
| 003 | OSt | ||
| 005 | 20220918171142.0 | ||
| 006 | a|||||r|||| 00| 0 | ||
| 007 | ta | ||
| 008 | 220917b |||||||| |||| 00| 0 eng d | ||
| 020 |
_a9781403987938 (pbk) _c1517.11 |
||
| 024 | _a234,716 | ||
| 037 |
_b2984, 29/02/2008, Bharat Scientific Syndicate _cTextual |
||
| 040 |
_aARTS _cARTS _beng |
||
| 041 |
_2eng _aeng |
||
| 082 | _aV1, P6 | ||
| 100 |
_aHopkins A G Ed. _934527 |
||
| 245 | 0 |
_aGlobal history _b Interactions between the universal and the local |
|
| 260 |
_aNew York _bPalgarve Macmillan USA _c2006 |
||
| 300 |
_axiii, 303p. _ccm. |
||
| 650 | _aHISTORY | ||
| 942 |
_hV1, P6 _cTEXL _2CC |
||
| 999 |
_c138132 _d138132 |
||